The decorative tile in architecture and interiors / (Record no. 353266)
[ view plain ]
| 000 -LEADER | |
|---|---|
| fixed length control field | 00823 a2200241 4500 |
| 003 - CONTROL NUMBER IDENTIFIER | |
| control field | OSt |
| 005 - DATE AND TIME OF LATEST TRANSACTION | |
| control field | 20180116192400.0 |
| 008 - FIXED-LENGTH DATA ELEMENTS--GENERAL INFORMATION | |
| fixed length control field | 120702t xxu||||| |||| 00| 0 eng d |
| 020 ## - INTERNATIONAL STANDARD BOOK NUMBER | |
| International Standard Book Number | 0714831611 |
| 020 ## - INTERNATIONAL STANDARD BOOK NUMBER | |
| International Standard Book Number | 9780714839790 |
| 040 ## - CATALOGING SOURCE | |
| Transcribing agency | 0 |
| 082 ## - DEWEY DECIMAL CLASSIFICATION NUMBER | |
| Classification number | 738.609 |
| 100 ## - MAIN ENTRY--PERSONAL NAME | |
| Personal name | Herbert, Tony |
| 9 (RLIN) | 5245 |
| 245 14 - TITLE STATEMENT | |
| Title | The decorative tile in architecture and interiors / |
| Statement of responsibility, etc. | Tony Herbert and Kathryn Huggins. |
| 260 ## - PUBLICATION, DISTRIBUTION, ETC. | |
| Place of publication, distribution, etc. | London : |
| Name of publisher, distributor, etc. | Phaidon, |c 1995. |
| Date of publication, distribution, etc. | 1995. |
| 300 ## - PHYSICAL DESCRIPTION | |
| Extent | 240p. : |
| Other physical details | ill. (some col.), ports. ; |
| Dimensions | 30cm. |
| 500 ## - GENERAL NOTE | |
| General note | Bibliography: p234-235. _ Includes index. |
| 650 10 - SUBJECT ADDED ENTRY--TOPICAL TERM | |
| Topical term or geographic name entry element | Tiles |
| General subdivision | Design |
| -- | History. |
| 9 (RLIN) | 5246 |
| 650 10 - SUBJECT ADDED ENTRY--TOPICAL TERM | |
| Topical term or geographic name entry element | Tiles in interior decoration |
| General subdivision | History. |
| 9 (RLIN) | 5247 |
| 700 1# - ADDED ENTRY--PERSONAL NAME | |
| Relator code | Huggins, Kathryn. |
| 9 (RLIN) | 5248 |
| 942 ## - ADDED ENTRY ELEMENTS (KOHA) | |
| Institution code [OBSOLETE] | SADA |
| Koha item type | Book |
| Call number prefix | 738.609 HER 1995 |
| Source of classification or shelving scheme | |
| 952 ## - LOCATION AND ITEM INFORMATION (KOHA) | |
| -- | BOOK |
| Withdrawn status | Lost status | Source of classification or shelving scheme | Damaged status | Not for loan | Permanent Location | Current Location | Date acquired | Total Checkouts | Full call number | Barcode | Date last seen | Cost, replacement price | Price effective from | Koha item type |
|---|---|---|---|---|---|---|---|---|---|---|---|---|---|---|
| School of Art Design and Architecture (SADA) | School of Art Design and Architecture (SADA) | 06/29/2011 | 738.609 HER 1995 | SADA0001473 | 08/05/2011 | 4329.00 | 08/05/2011 | Book |
